| 000 | 00752nas a2200265 4500 | ||
|---|---|---|---|
| 001 | BR9600580 | ||
| 003 | BR-BrBNA | ||
| 005 | 20231205095659.0 | ||
| 007 | ta | ||
| 008 | 230509b bl.|||p| |||| 00| 00por d | ||
| 040 |
_aBR-BrBNA _bpor _cBiblioteca Nacional de Agricultura |
||
| 041 | _a(Pt) | ||
| 072 | _aH10 | ||
| 100 | 1 | _aOliveira, A.P. de | |
| 100 | 1 | _aCastellane, P.D. | |
| 100 | 1 | _aBortoli, S.A. | |
| 245 | 1 | _aAngulo de insercao das folhas do alho x populacao de tripes | |
| 650 | _aAlho | ||
| 650 | _aFolha | ||
| 650 | _aTrips | ||
| 650 | _aPraga de Planta | ||
| 773 | 0 |
_tAgropecuaria Catarinense (Brazil) _xISSN 0103-0779 _g(Dec 1995), v. 8(4) p. 5-6 _wBR9600580 |
|
| 909 |
_a202311 _bLúcia _c55 _dLúcia Elande |
||
| 942 |
_2AGRIS _n0 _cANA |
||
| 999 |
_c152095 _d152095 |
||